Antología personal /
Guardado en:
| Autor Principal: | |
|---|---|
| Formato: | Libro |
| Publicado: |
Buenos Aires :
Instituto Movilizador de Fondos Cooperativos,
2000
|
| Series: | Desde la gente
|
| Materias: | |
| Etiquetas: |
Agregar Etiqueta
Sin Etiquetas, Sea el primero en etiquetar este registro!
|
| LEADER | 00664nam a22002175a 4500 | ||
|---|---|---|---|
| 001 | CEM.cems010806 | ||
| 005 | 20100920123441.0 | ||
| 008 | 130507s2000##################000#0#####d | ||
| 003 | CEMS | ||
| 020 | |a 9508600977 | ||
| 082 | 0 | 4 | |a Cu861.4 |
| 100 | 1 | |a Fernández Retamar, Roberto | |
| 245 | 1 | 0 | |a Antología personal / |c Roberto Fernández Retamar |
| 260 | |a Buenos Aires : |b Instituto Movilizador de Fondos Cooperativos, |c 2000 | ||
| 300 | |a 126 p. | ||
| 490 | 0 | |a Desde la gente | |
| 653 | |a Literatura | ||
| 653 | |a Literatura cubana siglo 20 | ||
| 653 | |a Poesía cubana siglo 20 | ||
| 653 | |a Poesías | ||
| 859 | |a CEMS |b BIB. CEMS - 11 de abril |h Cu861.4 |i F391 |p 21488.01 |t Ej.1 | ||
